Guess the Movies by the Posters - Statistics

General Stats
  • This quiz has been taken 1,717 times
  • The average score is 9 of 16
Answer Stats
Picture Answer % Correct
Toy Story
97%
Man of Steel
93%
Jaws
92%
Avengers
90%
Fellowship of the Ring
81%
Forrest Gump
69%
Grease
65%
The Phantom Menace
63%
Halloween
62%
Shawshank Redemption
45%
Home Alone 2
44%
No Country for Old Men
31%
A Nightmare on Elm Street
22%
Reservoir Dogs
22%
The Thing
20%
Blade Runner
15%
No matching quizzes found
Score Distribution
Percent of People with Each Score
Percentile by Number Answered
Your Score History
You have not taken this quiz